000 00792nam a22001817a 4500
005 20250403124253.0
010 _aHIN-129550
020 _a9789383980376
_c200.00
035 _aHN-101896
037 _bDBAD
082 _a650.11
_21st
100 _aकुमार, श्रीश
_980188
245 _aप्रबंध के मूल सिद्धांत तथा कार्य
_cडॉ. श्रीश कुमार
260 _aनई दिल्ली
_bशिवांक प्रकाशन
270 _a4598/128, गोला कॉटेज अंसारी रोड, दरियागंज
_bनई दिल्ली
_e110002
300 _aviii, 280
_c22 सेमी (सजिल्द )
942 _2ddc
_cHN
_h650.11
_mकुमार
999 _c210714
_d210714